00245nam a2200109Ia 4500008004100000041001200041082001100053100002200064245002500086260001600111650000800127221030s9999 xx 000 0 und d aEnglish a105.23 aPankaj Sharma/346 0aUNIVERSAL SERIAL BUS aJammuc2002 aECE